Statistics for Countries Bordering Argentina

Click here to take the quiz!

General Stats

  • This quiz has been taken 370 times
  • The average score is 5 of 5

Answer Stats

Country% Correct
Chile
100%
Uruguay
99%
Bolivia
98%
Brazil
98%
Paraguay
98%

Score Distribution

Percentile by Number Answered

Percent of People with Each Score

Your Score History

You have not taken this quiz